<?xml version="1.0" encoding="UTF-8"?>
<collection xmlns="http://www.loc.gov/MARC21/slim">
    <record>
        <controlfield tag="001">79660</controlfield>
        <controlfield tag="005">20190819103726.0</controlfield>
        <datafield tag="024" ind1="7" ind2=" ">
            <subfield code="2">doi</subfield>
            <subfield code="a">10.1108/JPBM-06-2013-0326</subfield>
        </datafield>
        <datafield tag="024" ind1="8" ind2=" ">
            <subfield code="2">sideral</subfield>
            <subfield code="a">87050</subfield>
        </datafield>
        <datafield tag="037" ind1=" " ind2=" ">
            <subfield code="a">ART-2014-87050</subfield>
        </datafield>
        <datafield tag="041" ind1=" " ind2=" ">
            <subfield code="a">eng</subfield>
        </datafield>
        <datafield tag="100" ind1=" " ind2=" ">
            <subfield code="a">Wallace, Elaine</subfield>
        </datafield>
        <datafield tag="245" ind1=" " ind2=" ">
            <subfield code="a">Consumer engagement with self-expressive brands: Brand love and WOM outcomes</subfield>
        </datafield>
        <datafield tag="260" ind1=" " ind2=" ">
            <subfield code="c">2014</subfield>
        </datafield>
        <datafield tag="506" ind1="0" ind2=" ">
            <subfield code="a">Access copy available to the general public</subfield>
            <subfield code="f">Unrestricted</subfield>
        </datafield>
        <datafield tag="520" ind1="3" ind2=" ">
            <subfield code="a">Purpose: The purpose of this paper is to explore attitudes of consumers who engage with brands through Facebook “likes”. It explores the extent to which these brands are self-expressive and examines the relationship between brand “liking” and brand outcomes. Brand outcomes include brand love and advocacy, where advocacy incorporates WOM and brand acceptance. Design/methodology/approach: Findings are presented from a survey of Facebook users who engage with a brand by “liking” it. Findings: Brands “liked” are expressive of the inner or social self. The study identifies a positive relationship between the self-expressive nature of brands “liked” and brand love. Consumers who engage with inner self-expressive brands are more likely to offer WOM for that brand. By contrast, consumers who engage with socially self-expressive brands are more likely to accept wrongdoing from a brand. Research limitations/implications: The research is exploratory and is limited to consumers who are engaged with a brand through “liking” it on the Facebook social network. Practical implications: The study offers suggestions for managers seeking to enhance brand engagement through Facebook “liking”, and to encourage positive brand outcomes (such as WOM) among consumers already engaged with a brand on Facebook. Originality/value: This paper provides new insights into consumer brand engagement evidenced through Facebook “liking”. It charts the relationship between “liked” self-expressive brands and brand love. Distinctions are drawn between brand outcomes among consumers who “like” for socially self-expressive reasons, and consumers who are brand engaged by “liking” to express their inner selves.</subfield>
        </datafield>
        <datafield tag="536" ind1=" " ind2=" ">
            <subfield code="9">info:eu-repo/grantAgreement/ES/DGA-FSE/S09-GENERES Group</subfield>
            <subfield code="9">info:eu-repo/grantAgreement/ES/MICINN/ECO2009-08283</subfield>
        </datafield>
        <datafield tag="540" ind1=" " ind2=" ">
            <subfield code="9">info:eu-repo/semantics/openAccess</subfield>
            <subfield code="a">All rights reserved</subfield>
            <subfield code="u">http://www.europeana.eu/rights/rr-f/</subfield>
        </datafield>
        <datafield tag="655" ind1=" " ind2="4">
            <subfield code="a">info:eu-repo/semantics/article</subfield>
            <subfield code="v">info:eu-repo/semantics/acceptedVersion</subfield>
        </datafield>
        <datafield tag="700" ind1=" " ind2=" ">
            <subfield code="0">(orcid)0000-0001-6631-8909</subfield>
            <subfield code="a">Buil, Isabel</subfield>
            <subfield code="u">Universidad de Zaragoza</subfield>
        </datafield>
        <datafield tag="700" ind1=" " ind2=" ">
            <subfield code="a">Chernatony, Leslie de</subfield>
        </datafield>
        <datafield tag="710" ind1="2" ind2=" ">
            <subfield code="1">4011</subfield>
            <subfield code="2">095</subfield>
            <subfield code="a">Universidad de Zaragoza</subfield>
            <subfield code="b">Dpto. Direc.Mark.Inves.Mercad.</subfield>
            <subfield code="c">Área Comerci.Investig.Mercados</subfield>
        </datafield>
        <datafield tag="773" ind1=" " ind2=" ">
            <subfield code="g">23, 1 (2014), 33-42</subfield>
            <subfield code="p">J. prod. brand manag.</subfield>
            <subfield code="t">Journal of Product and Brand Management</subfield>
            <subfield code="x">1061-0421</subfield>
        </datafield>
        <datafield tag="856" ind1="4" ind2=" ">
            <subfield code="s">165585</subfield>
            <subfield code="u">http://zaguan.unizar.es/record/79660/files/texto_completo.pdf</subfield>
            <subfield code="y">Postprint</subfield>
        </datafield>
        <datafield tag="856" ind1="4" ind2=" ">
            <subfield code="s">41802</subfield>
            <subfield code="u">http://zaguan.unizar.es/record/79660/files/texto_completo.jpg?subformat=icon</subfield>
            <subfield code="x">icon</subfield>
            <subfield code="y">Postprint</subfield>
        </datafield>
        <datafield tag="909" ind1="C" ind2="O">
            <subfield code="o">oai:zaguan.unizar.es:79660</subfield>
            <subfield code="p">articulos</subfield>
            <subfield code="p">driver</subfield>
        </datafield>
        <datafield tag="951" ind1=" " ind2=" ">
            <subfield code="a">2019-08-19-09:42:29</subfield>
        </datafield>
        <datafield tag="980" ind1=" " ind2=" ">
            <subfield code="a">ARTICLE</subfield>
        </datafield>
    </record>

    
</collection>